Text Book of Physiology (Record no. 12280)

MARC details
000 -LEADER
fixed length control field 00407nam a2200181Ia 4500
003 - CONTROL NUMBER IDENTIFIER
control field OSt
005 - DATE AND TIME OF LATEST TRANSACTION
control field 20230701120346.0
008 - FIXED-LENGTH DATA ELEMENTS--GENERAL INFORMATION
fixed length control field 220613s9999||||xx |||||||||||||| ||und||
020 ## - INTERNATIONAL STANDARD BOOK NUMBER
International Standard Book Number+Amount 9788177395754
040 ## - CATALOGING SOURCE
Transcribing agency srhu
100 ## - MAIN ENTRY--PERSONAL NAME
Author Name A K Jain
245 #0 - TITLE STATEMENT
Title Text Book of Physiology
250 ## - EDITION STATEMENT
Edition 9t(/2021)
260 ## - PUBLICATION, DISTRIBUTION, ETC. (IMPRINT)
Name of publisher Avichal Publishing Co
300 ## - PHYSICAL DESCRIPTION
Page No 1061
650 ## - SUBJECT ADDED ENTRY--TOPICAL TERM
Subject Physiology
942 ## - ADDED ENTRY ELEMENTS (KOHA)
Koha item type Pre Clinical
Holdings
Withdrawn status Lost status Source of classification or shelving scheme Damaged status Not for loan Home library Current library Date acquired Total Checkouts Barcode Date last seen Date checked out Koha item type
    Dewey Decimal Classification     SRHU Library System HSPS Library 01/07/2023 1 CL0021103 05/05/2025 05/05/2025 Physiology
Designed & Maintained by: SRHU Library System
Central Library, Contact: